000 00884nac a22002651i 4500
003 EG-ScBUE
005 20250723085149.0
008 250701s1944 enk f b 000 0 eng d
040 _aEG-ScBUE
_beng
_erda
_cEG-ScBUE
_dEG-ScBUE
082 0 0 _a540.1
_bBOY
_222
100 1 _aBoyle, Robert,
_d1627-1691,
_eauthor.
245 1 4 _aThe sceptical chymist /
_cRobert Boyle.
264 1 _aLondon :
_bJ. M. Dent & sons, LTD.;
_c1944.
300 _axxii, 230 pages ;
_c18 cm.
336 _2rdacontent
_atext
_btxt
337 _aunmediated
_2rdamedia
_bn
338 _avolume
_bnc
_2rdacarrier
490 0 _aEveryman's library ;
_vnumber 559
500 _aIntroduction by: M. M. Pattison Muir.
504 _aIncludes bibliographical references.
650 7 _aChemistry
_xEarly works to 1800.
_2BUEsh
655 _vReading book
942 _cBB
_2ddc
999 _c3451
_d3451